[Event "Voronezh op-B 17th"]
[Site "Voronezh"]
[Date "2013.06.13"]
[Round "2"]
[White "Degtiarev, Viktor"]
[Black "Matveenko, Yury"]
[Result "0-1"]
[WhiteElo "1835"]
[BlackElo "2042"]
[PlyCount "76"]
[EventDate "2013.06.12"]
[EventType "swiss"]
[EventRounds "9"]
[EventCountry "RUS"]
[SourceTitle "EXT 2014"]
[Source "ChessBase"]
[SourceDate "2013.11.20"]
[SourceVersion "1"]
[SourceVersionDate "2013.11.20"]
[SourceQuality "1"]

1. e4 e5 2. Nf3 d6 3. d4 Nf6 4. dxe5 Nxe4 5. exd6 Nxd6 6. Nc3 Be7 7. Bd3 Bg4 8. h3 Bh5 9. Be3 Nc6 10. g4 Bg6 11. Bxg6 hxg6 12. Nd5 Qd7 13. Nxe7 Qxe7 14. Qe2 Qe6 15. Bd4 Qxe2+ 16. Kxe2 Nxd4+ 17. Nxd4 0-0-0 18. c3 Nc4 19. b3 Rhe8+ 20. Kf3 Nd2+ 21. Kg2 c5 22. Nb5 a6 23. Na3 Ne4 24. Nb1 Rd3 25. c4 Ng5 26. Na3 Re2 27. Rhe1 Rdd2 28. Rxe2 Rxe2 29. Kg3 Rd2 30. Re1 Rxa2 31. h4 Ne6 32. Nb1 Ra1 33. f4 Nd4 34. b4 cxb4 35. Rd1 Nc2 36. f5 Na3 37. Nc3 Rxd1 38. Nxd1 Nxc4 0-1

[Event "EU-ch Seniors 13th"]
[Site "Plovdiv"]
[Date "2013.03.14"]
[Round "4"]
[White "Degtiarev, Viktor"]
[Black "Kovachev, Radoslav"]
[Result "1-0"]
[WhiteElo "1836"]
[BlackElo "1592"]
[PlyCount "32"]
[EventDate "2013.03.11"]
[EventType "swiss"]
[EventRounds "9"]
[EventCountry "BUL"]
[SourceTitle "CBM 153 Extra"]
[Source "ChessBase"]
[SourceDate "2013.04.22"]
[SourceVersion "1"]
[SourceVersionDate "2013.04.22"]
[SourceQuality "1"]

1. e4 e6 2. d4 d5 3. Nd2 Ne7 4. Ngf3 g6 5. e5 Bg7 6. Bd3 0-0 7. Nb3 b6 8. Be3 Ba6 9. Bxa6 Nxa6 10. Qd2 Nf5 11. Bg5 Qd7 12. g4 Ne7 13. Bf6 Kh8 14. Qh6 Bxf6 15. exf6 Nf5 16. gxf5 exf5 1-0

[Event "EU-ch Seniors 13th"]
[Site "Plovdiv"]
[Date "2013.03.13"]
[Round "3"]
[White "Johnsen, Oystein"]
[Black "Degtiarev, Viktor"]
[Result "1-0"]
[WhiteElo "1951"]
[BlackElo "1836"]
[PlyCount "90"]
[EventDate "2013.03.11"]
[EventType "swiss"]
[EventRounds "9"]
[EventCountry "BUL"]
[SourceTitle "CBM 153 Extra"]
[Source "ChessBase"]
[SourceDate "2013.04.22"]
[SourceVersion "1"]
[SourceVersionDate "2013.04.22"]
[SourceQuality "1"]

1. d4 c5 2. d5 Nf6 3. Nc3 d6 4. e4 g6 5. Be2 Bg7 6. Be3 0-0 7. Qd2 Re8 8. h3 a6 9. a4 Nbd7 10. Nf3 Qc7 11. 0-0 Rb8 12. a5 Nf8 13. Ra2 e6 14. Bd3 Bd7 15. Re1 Rec8 16. Qc1 Be8 17. Nd2 N6d7 18. Nc4 e5 19. f4 f6 20. f5 g5 21. Be2 h6 22. Na4 Bf7 23. Qd1 Nh7 24. Bh5 Ndf8 25. Nab6 Rd8 26. Bd2 Nd7 27. Bxf7+ Kxf7 28. Qh5+ Kg8 29. h4 Nxb6 30. axb6 Qf7 31. Qxf7+ Kxf7 32. hxg5 hxg5 33. b4 cxb4 34. Bxb4 Bf8 35. g4 Rbc8 36. Na5 Rd7 37. Re3 Be7 38. Rc3 Rxc3 39. Bxc3 Bd8 40. Nc4 Be7 41. Kf2 Bf8 42. Ke2 Rd8 43. Bb4 Ke8 44. Ra3 Kd7 45. Na5 Kc8 1-0